[Event "Suedwestfalen-ch U18"]
[Site "Meinerzhagen"]
[Date "2004.04.06"]
[Round "6"]
[White "Wiegelmann, Marcel"]
[Black "Stockschlaeder, Jan David"]
[Result "1-0"]
[WhiteElo "1754"]
[BlackElo "1615"]
[PlyCount "81"]
[EventDate "2004.04.03"]
[EventType "tourn"]
[EventRounds "7"]
[EventCountry "GER"]
[SourceTitle "EXT 2006"]
[Source "ChessBase"]
[SourceDate "2005.11.24"]
[SourceVersion "1"]
[SourceVersionDate "2005.11.24"]
[SourceQuality "1"]

1. e4 c5 2. Nf3 Nc6 3. d4 cxd4 4. Nxd4 Nf6 5. Nc3 e5 6. Ndb5 d6 7. Bg5 a6 8. Bxf6 gxf6 9. Na3 b5 10. Nd5 Be6 11. c3 Rb8 12. Nc2 f5 13. exf5 Bxf5 14. Nce3 Bg6 15. Qf3 Bg7 16. Nf6+ Bxf6 17. Qxc6+ Qd7 18. Qxa6 0-0 19. Nd5 Bh4 20. g3 Bg5 21. Bg2 Kg7 22. h4 Bh6 23. 0-0 Rfe8 24. Nb4 Bh5 25. Qc6 Qd8 26. Qe4 Qc8 27. Qd3 Qd7 28. Nd5 Bg6 29. Qe2 Rf8 30. Rad1 Qd8 31. Ne3 Bxe3 32. Qxe3 Qc7 33. Rd2 Rfd8 34. Rfd1 Rb6 35. g4 h5 36. gxh5 Bxh5 37. Qg5+ Bg6 38. h5 Qc4 39. hxg6 Rg8 40. gxf7+ Kxf7 41. Qxg8+ 1-0